Financial Time World Insurance Year Book (Record no. 16269)
[ view plain ]
| 000 -LEADER | |
|---|---|
| fixed length control field | 00500nam a22001937a 4500 |
| 003 - CONTROL NUMBER IDENTIFIER | |
| control field | OSt |
| 005 - DATE AND TIME OF LATEST TRANSACTION | |
| control field | 20220822151946.0 |
| 008 - FIXED-LENGTH DATA ELEMENTS--GENERAL INFORMATION | |
| fixed length control field | 220822b |||||||| |||| 00| 0 eng d |
| 020 ## - INTERNATIONAL STANDARD BOOK NUMBER | |
| International Standard Book Number | 1901988074 |
| 040 ## - CATALOGING SOURCE | |
| Transcribing agency | IFM Library |
| 082 ## - DEWEY DECIMAL CLASSIFICATION NUMBER | |
| Classification number | 368.05 |
| 100 ## - MAIN ENTRY--PERSONAL NAME | |
| Personal name | Nick Canty |
| 245 ## - TITLE STATEMENT | |
| Title | Financial Time World Insurance Year Book |
| 260 ## - PUBLICATION, DISTRIBUTION, ETC. | |
| Place of publication, distribution, etc. | Britain |
| Name of publisher, distributor, etc. | FT Business,Maple House |
| Date of publication, distribution, etc. | 1998 |
| 300 ## - PHYSICAL DESCRIPTION | |
| Extent | xv, 457p.: |
| Other physical details | ill.; 30cm. |
| 500 ## - GENERAL NOTE | |
| General note | Includes Index |
| 650 ## - SUBJECT ADDED ENTRY--TOPICAL TERM | |
| Topical term or geographic name entry element | Financial Time |
| 942 ## - ADDED ENTRY ELEMENTS (KOHA) | |
| Koha item type | Books |
| Source of classification or shelving scheme | Dewey Decimal Classification |
| Suppress in OPAC | No |
| Withdrawn status | Lost status | Source of classification or shelving scheme | Damaged status | Not for loan | Home library | Current library | Shelving location | Date acquired | Full call number | Barcode | Date last seen | Price effective from | Koha item type |
|---|---|---|---|---|---|---|---|---|---|---|---|---|---|
| Dewey Decimal Classification | IFM Main Campus Library | IFM Main Campus Library | General Collection | 08/22/2022 | 368.05 FIN | 0000020733 | 08/18/2016 | 08/18/2016 | Books | ||||
| Dewey Decimal Classification | IFM Main Campus Library | IFM Main Campus Library | General Collection | 08/22/2022 | 368.05 FIN | 0000020734 | 08/18/2016 | 08/18/2016 | Books | ||||
| Dewey Decimal Classification | IFM Main Campus Library | IFM Main Campus Library | General Collection | 08/22/2022 | 368.05 FIN | 0000020735 | 08/18/2016 | 08/18/2016 | Books | ||||
| Dewey Decimal Classification | IFM Main Campus Library | IFM Main Campus Library | General Collection | 08/22/2022 | 368.05 FIN | 0000020736 | 08/18/2016 | 08/18/2016 | Books | ||||
| Dewey Decimal Classification | IFM Main Campus Library | IFM Main Campus Library | General Collection | 08/22/2022 | 368.05 FIN | 0000020737 | 08/18/2016 | 08/18/2016 | Books |
